| 000 | 01244pam a2200385 a 4500 | ||
|---|---|---|---|
| 001 | 3943488 | ||
| 003 | OSt | ||
| 005 | 20140310181746.0 | ||
| 008 | 930915s1993 nyu 000 0 eng | ||
| 010 | _a 93035810 | ||
| 020 |
_a0486277984 (pbk.) : _c$1.00 |
||
| 040 |
_aDLC _cDLC _dDLC |
||
| 041 | 1 |
_aeng _hgrc |
|
| 050 | 0 | 0 |
_aB 385 _b.P714 1993 |
| 082 | 0 | 0 |
_aIB 184 _bP69 1993 |
| 100 | 0 | _aPlato. | |
| 240 | 1 | 0 |
_aSymposium. _lEnglish |
| 245 | 1 | 0 |
_aSymposium and Phaedrus / _cPlato. |
| 260 |
_aNew York : _bDover Publications, _cc1993. |
||
| 300 |
_a92 p. : _c21 cm. |
||
| 440 | 0 | _aDover thrift editions | |
| 600 | 0 | 0 | _aSocrates. |
| 650 | 0 |
_aLove _xEarly works to 1800. |
|
| 650 | 0 |
_aSoul _xEarly works to 1800. |
|
| 650 | 0 |
_aRhetoric _vEarly works to 1800. |
|
| 700 | 1 |
_aJowett, Benjamin, _d1817-1893. |
|
| 700 | 0 | 2 |
_aPlato. _tPhaedrus. _lEnglish. _f1993. |
| 740 | 0 | _aSymposium. | |
| 740 | 0 | _aPhaedrus. | |
| 856 | 4 | 2 |
_3Publisher description _uhttp://www.loc.gov/catdir/description/dover031/93035810.html |
| 906 |
_a7 _bcbc _corignew _d1 _eocip _f19 _gy-gencatlg |
||
| 942 |
_2lcc _cBK |
||
| 999 |
_c2978 _d2978 |
||